Anecdotario de Querétaro /

Na minha lista:
Detalhes bibliográficos
Autor principal: Ramírez Alvarez, José Guadalupe (autor)
Formato: Livro
Idioma:espanhol
Publicado em: Querétaro, México : Gobierno del Estado de Querétaro, Ediciones Culturales, 1967
Tags: Adicionar Tag
Sem tags, seja o primeiro a adicionar uma tag!

MARC

LEADER 00000nam^a2200000^a^4500
001 000566999
005 20250521000000.0
009 20260310132118.144
037 |a Acervo ITESO - Biblioteca 
041 |a ESP 
091 |a FGM. 03077 
100 |a Ramírez Alvarez, José Guadalupe  |e (autor) 
245 1 0 |a Anecdotario de Querétaro / 
264 1 |a Querétaro, México :  |b Gobierno del Estado de Querétaro, Ediciones Culturales,  |c 1967 
300 |a 166 p. 
336 |a texto  |b txt  |2 rdacontenido 
337 |a sin mediación  |b n  |2 rdamedio 
338 |a volumen  |b nc  |2 rdasoporte 
649 |a XX 
910 |a Fondo Efraín González Morfín 
920 |a Impresos - Libros 
930 |a Fondos Especiales 
905 |a 130 
901 |a 0500380406  |b IT2  |c ESL  |i D87659  |u 20250521 
902 |a https://opac.biblio.iteso.mx/vufind/Record/000566999